| 000 | 00655cab a2200253 4500 | ||
|---|---|---|---|
| 001 | ABS52786 | ||
| 008 | 090401t1995 xxu||||| |||| 00| 0 eng d | ||
| 035 | _a(Sirsi) u213 | ||
| 041 | _aeng | ||
| 100 | _aAnderson, B. | ||
| 245 | _aSweet harmony? | ||
| 260 | _c1995 | ||
| 350 | _a0 | ||
| 490 |
_aIRRV Journal _vApril 1995, 4(1) |
||
| 520 | _aBriefly outlines the efforts to attain harmonisation of rating between Scotland and England and Wales. | ||
| 650 | _aCOMPARISON | ||
| 650 | _aENGLAND | ||
| 650 | _aHARMONISATION | ||
| 650 | _aRATING SYSTEM | ||
| 650 | _aSCOTLAND | ||
| 690 | _aRATING AND VALUATION | ||
| 942 | _n0 | ||
| 948 | _c04/03/1997 | ||
| 999 |
_c85 _d85 |
||